| 000 | 01062nam a22002531a 4500 | ||
|---|---|---|---|
| 001 | 39683 | ||
| 003 | BD-RjUL | ||
| 005 | 20211209053035.0 | ||
| 008 | 160416m20132006ii a|||| |||| 001 0 ben d | ||
| 020 |
_a8172153643 _c: TK.778.00 |
||
| 035 | _a(BD-RjUL)39796 | ||
| 040 |
_aBD-RjUL _bben _cBD-RjUL |
||
| 041 | _aben | ||
| 082 |
_223 _a891.441092 _bMUA 2013 |
||
| 100 |
_aমুরশিদ, গোলাম _9122226 |
||
| 245 | 1 | 0 |
_aআাশার ছলনে ভুলি : _bমাইকেল-জীবনী / _cগোলাম মুরশিদ |
| 250 | _a৩য় সং. | ||
| 260 |
_aকলকাতা : _bআনন্দ পাবলিশার্স, _c২০০৬ [মুদ্রণ ২০১৩] |
||
| 300 |
_a৪১৯ পৃ.: _bচিএ ; _c২৪ সেমি. |
||
| 500 | _aনিঘন্ট সংঘুক্ত | ||
| 600 |
_aদত্ত, মাইকেল মধুসূদন, _d১৮২৪-১৮৭৩ _xজীবনী _9125213 |
||
| 600 |
_aDutt, Michael Madhusudan, _d1824-1873. _xBiography _9125214 |
||
| 942 |
_2ddc _cBK _03 |
||
| 999 |
_c39683 _d39683 |
||